| 000 -LEADER |
| fixed length control field |
01484pab a2200169 454500 |
| 008 - FIXED-LENGTH DATA ELEMENTS--GENERAL INFORMATION |
| fixed length control field |
180718b2001 xxu||||| |||| 00| 0 eng d |
| 100 ## - MAIN ENTRY--PERSONAL NAME |
| Personal name |
Taylor, Brian D. |
| 245 ## - TITLE STATEMENT |
| Title |
Russias' passive army: rethinking military coup. |
| 260 ## - PUBLICATION, DISTRIBUTION, ETC. |
| Date of publication, distribution, etc. |
2001 |
| 300 ## - PHYSICAL DESCRIPTION |
| Extent |
p.924-52 |
| 362 ## - DATES OF PUBLICATION AND/OR SEQUENTIAL DESIGNATION |
| Dates of publication and/or sequential designation |
Oct |
| 520 ## - SUMMARY, ETC. |
| Summary, etc. |
Military coups are considered most likely when state political capacity is low and the army 's corporate interests are threatened. However, these conditions are also frequently present in situation in which the military remains politically passive, weakening the explanatory power of these propositions. In Russia, an extremely weak state coexists with an army whose corporate interests have been threatened over the past decade, yet the military has not intervened in high politics. Two alternative explanations for this behavior are examined, one based on internal cleavages in the army (organizational structure) and the second on officer corps norms (organizational culture). Although both accounts are plausible, organizational culture provides the best explanation for Russian military passivity. The importance of this variable is demonstrated in a study of Russian military behavior from 1992 to 1999. Studying nonevents, and moving beyond the coup/noncoup dichotomy, provides a more complete picture of military behavior in domestic politics. - Reproduced. |
| 650 ## - SUBJECT ADDED ENTRY--TOPICAL TERM |
| Topical term or geographic name entry element |
Russia. Army |
| 650 ## - SUBJECT ADDED ENTRY--TOPICAL TERM |
| Topical term or geographic name entry element |
Armed forces |
| 773 ## - HOST ITEM ENTRY |
| Main entry heading |
Comparative Political Studies |
| 909 ## - |
| -- |
51296 |